[Event "Olympiad Women 2024"]
[Site "Budapest HUN"]
[Date "2024.09.14"]
[Round "4.36"]
[Board "2"]
[White "Bederdin, Lilja"]
[Black "Gonzalez Peguero, Mary Loly"]
[Result "1-0"]
[WhiteElo "2065"]
[BlackElo "1889"]
[PlyCount "121"]
[EventDate "2024.09.11"]
[WhiteTeam "Finland"]
[BlackTeam "Dominican Republic"]
[WhiteTeamCountry "FIN"]
[BlackTeamCountry "DOM"]

1. e4 c5 2. Nc3 g6 3. d4 cxd4 4. Qxd4 Nf6 5. Nf3 Nc6 6. Qa4 e5 ({RR} 6... h5 7. h3 d6 8. e5 Nd7 9. exd6 Nc5 10. Qf4 Bg7 11. Be3 Ne6 12. dxe7 Qa5 13. Qc4 Bd7 14. O-O-O Rc8 15. Qd5 Qxd5 16. Nxd5 Nxe7 17. Nxe7 Kxe7 18. Nd4 Nxd4 19. Bxd4 Bf5 20. Re1+ Kf8 21. Bxg7+ {0-1 Bacrot,E (2667)-Andreikin,D (2729) Titled Tue 16th May Early 2023 (8)}) 7. Bb5 Qc7 $146 ({RR} 7... Bd6 8. Bg5 h6 9. Bh4 g5 10. Bg3 Qe7 11. O-O-O O-O 12. Rhe1 a6 13. Nd5 Nxd5 14. exd5 Na7 15. Bd3 b5 16. Qg4 f6 17. Qh5 Qg7 18. Nd4 f5 19. Nxf5 Rxf5 20. Bxf5 Bb7 21. Qg6 Qxg6 22. Bxg6 {1-0 Priyadharshan,K (2379)-Kaplan,E (1794) Akhisar Manisa ol U16 2009 (10)}) ({RR} 7... Bd6 8. Bg5 h6 9. O-O-O hxg5 10. Rxd6 Qe7 11. Rd2 g4 12. Ng1 Qc5 13. Nge2 a6 14. h4 gxh3 15. Rxh3 Rxh3 16. gxh3 Qxf2 17. Nd4 Qg1+ 18. Rd1 Qg5+ 19. Kb1 Nxd4 20. Bc4 Rb8 21. Qb4 Ra8 22. Qd6 {0-1 Hyman,D (1208)-Adams,S (1601) RSA-ch U12 Waterkloof 2015 (1)}) 8. Bg5 Bg7 9. O-O-O O-O 10. Rd3 Nd4 11. Bxf6 Bxf6 12. Nd5 Qd8 13. Nxd4 exd4 14. Nxf6+ Qxf6 15. Rd2 Qg5 16. g3 d5 17. f4 Qe7 18. Rxd4 dxe4 19. Rxe4 Qc5 20. Qb4 Qd5 21. Bc4 Qc6 22. Rhe1 Bf5 23. R4e2 Rac8 24. Bb3 b6 25. Qa4 Qc7 26. Re8 Qc5 27. Rxf8+ Rxf8 28. Qc4 Qf2 29. Qe2 Qc5 30. g4 Bc8 31. h3 Qb4 32. Qe4 Qc5 33. Qe3 Qc6 34. a3 Ba6 35. f5 Bb5 36. Qe4 Qf6 37. fxg6 hxg6 38. Qb4 Qf2 39. Qd2 Qh4 40. Re3 Bf1 41. Kb1 Rd8 42. Qc3 Bg2 43. Ka2 Qg5 44. Re2 Bd5 45. Bxd5 Qxd5+ 46. Qb3 Qg5 47. Re3 b5 48. Rf3 Rd7 49. Rc3 a5 50. Rc8+ Kg7 51. Qc3+ f6 52. Qxa5 Qd5+ 53. b3 Qe5 54. Qc3 Qf4 55. Qc5 Rf7 56. Qxb5 Qf2 57. Qc5 Qh2 58. Qc3 Qd6 59. g5 Qd7 60. gxf6+ Kh7 61. Qc4 1-0

[Event "Olympiad Women 2024"]
[Site "Budapest HUN"]
[Date "2024.09.14"]
[Round "4.36"]
[Board "3"]
[White "Almanzar Vasquez, Jeniffer Maria"]
[Black "Puuska, Heini"]
[Result "1/2-1/2"]
[WhiteElo "1876"]
[BlackElo "1930"]
[PlyCount "80"]
[EventDate "2024.09.11"]
[WhiteTeam "Dominican Republic"]
[BlackTeam "Finland"]
[WhiteTeamCountry "DOM"]
[BlackTeamCountry "FIN"]

1. d4 {Finkel,Alexander} d5 2. Bf4 e6 3. e3 c5 4. Nc3 ({RR} 4. c3 Nc6 5. Nd2 Bd6 6. Bxd6 ({RR} 6. Bg3 Nf6 ({RR} 6... f5 7. Ngf3 Nf6 8. Ne5 O-O 9. Be2 cxd4 10. Nxc6 bxc6 11. exd4 Rb8 12. Qc2 Ne4 13. Bxd6 Qxd6) 7. f4 cxd4 8. exd4 Qc7 9. Qf3 Bd7 10. Bd3 Na5 11. Nh3 Nc4) 6... Qxd6 7. Qg4 ({RR} 7. f4 cxd4 8. cxd4 Nge7 9. Bd3 Bd7 10. a3 f6) 7... g6 8. Qg3 Qe7 9. Bb5 ({RR} 9. Ngf3 Nf6 10. Bb5) 9... Nh6 10. Ngf3 Nf5 11. Qf4 ({RR} 11. Qh3 O-O) 11... f6 12. h4 ({RR} 12. dxc5 Qxc5 13. Bxc6+ Qxc6 14. Nd4 e5 15. Nxc6 exf4 16. Nb4 fxe3 17. Nb3) 12... O-O 13. Bxc6 bxc6 14. g4 ({RR} 14. e4 dxe4 15. Qxe4 cxd4 16. Nxd4 Nxd4 17. cxd4 e5 18. dxe5 Bf5 19. Qe3 Rfe8) 14... Ng7 15. g5 cxd4 16. exd4 ({RR} 16. cxd4) 16... e5 17. dxe5 fxe5 18. Qxe5 Qf7 {0-1 Winants,L (2501)-Sakaev,K (2655) EU-Cup 19th Rethymno 2003 (1.1)}) 4... cxd4 ({RR} 4... Nc6 5. Nb5 e5 6. dxe5 Be6 7. Nf3 Qa5+ 8. c3 O-O-O 9. Be2 h6 10. O-O g5 11. Bg3 Nge7 12. Nd6+ Kd7 13. b4 Qb6 14. Rb1 c4 15. Nxc4 Qc7 16. Nd6 Nf5 17. Nxf5 Bxf5 18. e6+ Ke8 19. Bxc7 {1-0 Manfroi,A (1837)-Ferrufino,B (1911) Titled Tue 30th Apr Early 2024 (7)}) 5. exd4 a6 6. Nf3 $146 ({RR} 6. Bd3 Nc6 7. Nce2 Qb6 8. Rb1 Nxd4 9. Nxd4 Bc5 10. Ngf3 Bd7 11. c3 O-O-O 12. O-O f6 13. b4 Bf8 14. a4 e5 15. a5 Qa7 16. Bg3 exd4 17. cxd4 Ne7 18. Qc2+ Nc6 19. b5 axb5 20. Rxb5 Be7 {1-0 Fajdetic,H (2151)-Curriah,M (2043) Titled Tuesday intern op 25th Aug blitz 2020 (8)}) 6... Nc6 7. Ne2 Nf6 8. Ng3 Bd6 9. Qd2 Bxf4 10. Qxf4 Qa5+ 11. c3 Bd7 12. Bd3 Ne7 13. Ne5 Ng6 14. Qg5 Bb5 15. Nxg6 hxg6 16. Qd2 Bxd3 17. Qxd3 b5 18. a3 Qc7 19. h3 Qc4 20. Qe2 Rh4 21. f3 a5 22. Kf2 Rc8 23. Rhc1 Nd7 24. Nf1 Qxe2+ 25. Kxe2 b4 26. axb4 axb4 27. Ke3 bxc3 28. bxc3 Nb6 29. Nd2 Ke7 30. Ra7+ Kf6 31. Kd3 Nc4 32. Rb1 Rhh8 33. Nxc4 Rxc4 34. Rbb7 Rf8 35. h4 g5 36. hxg5+ Kg6 37. Kd2 Rcc8 38. f4 Ra8 39. Ke3 Rxa7 40. Rxa7 Rc8 1/2-1/2

[Event "Olympiad Women 2024"]
[Site "Budapest HUN"]
[Date "2024.09.14"]
[Round "4.36"]
[Board "4"]
[White "Sippola, Sara-Olivia"]
[Black "Ramirez Luzon, Franchesca"]
[Result "1/2-1/2"]
[WhiteElo "1861"]
[BlackElo "1820"]
[PlyCount "121"]
[EventDate "2024.09.11"]
[WhiteTeam "Finland"]
[BlackTeam "Dominican Republic"]
[WhiteTeamCountry "FIN"]
[BlackTeamCountry "DOM"]

1. e4 c5 2. Nf3 g6 3. d4 cxd4 4. Qxd4 Nf6 5. Nc3 Nc6 6. Qd3 ({RR} 6. Qa4 Bg7 7. e5 Ng8 8. Bf4 f6 9. exf6 Nxf6 10. Bc4 Qa5 11. Qb3 d5 12. Bb5 O-O 13. O-O e6 14. Bxc6 bxc6 15. Qa4 Qxa4 16. Nxa4 Nd7 17. Bd6 Re8 18. Rfe1 e5 19. c3 Ba6 20. Nc5 Nxc5 {0-1 Rublevsky,S (2667)-Ponomariov,R (2721) Izmailov Memorial 10th rapid 2006 (8)}) 6... Bg7 7. Be2 ({RR} 7. h3 d6 8. Be3 O-O 9. O-O-O Qa5 10. Nd4 Nb4 11. Qb5 Qxb5 12. Ndxb5 a6 13. Nd4 e5 14. Nb3 Be6 15. Rxd6 Rac8 16. Rxe6 fxe6 17. a3 Nc6 18. f3 Nd7 19. Be2 Nd4 20. Rd1 Nxb3+ 21. cxb3 Nc5 {1-0 Haszon,D (2258)-Thomas,A (2168) Titled Tue 14th May Early 2024 (5)}) 7... O-O 8. O-O b6 $146 ({RR} 8... d6 9. a3 b6 10. Bg5 Bb7 11. Rad1 Rc8 12. Nd5 Nxd5 13. exd5 Na5 14. b3 Rc3 15. Qe4 Qc8 16. Bxe7 f5 17. Qh4 Rf7 18. Bxd6 Rxc2 19. Bb5 a6 20. Bd3 Ra2 21. b4 Nb3 22. Bc4 Bf6 23. Qf4 {1-0 Dubovik,M (1503)-Danchanka,Z (1673) BLR-ch U18 Girls 2022 (5)}) ({RR} 8... d5 9. exd5 Nb4 10. Qd1 Nfxd5 11. Nxd5 Nxd5 12. c3 e5 13. Bg5 f6 14. Bc1 Be6 15. c4 Ne7 16. b3 Nc6 17. Bb2 Qa5 18. a3 Rfd8 19. Qc2 Bf5 20. Qc1 Qb6 21. b4 Rac8 22. c5 Qc7 23. Qc4+ {½-½ Prydun,A (2134)-Kostiukov,A (2271) Titled Tue 25th Apr Late 2023 (9)}) 9. Nd5 Nxd5 10. exd5 Ne5 11. Nxe5 Bxe5 12. f4 Bg7 13. Bf3 d6 14. Re1 Qc7 15. c3 Re8 16. Be3 Bd7 17. Bf2 Rac8 18. Bh4 b5 19. Re2 b4 20. cxb4 Qb6+ 21. Bf2 Qxb4 22. Qd2 Qb7 23. Rc1 Bf5 24. Rc6 Bd7 25. Rxc8 Rxc8 26. Rxe7 Bf6 27. Re1 Bxb2 28. Rb1 Rb8 29. Be4 a5 30. Qxa5 Ra8 31. Qd2 Rxa2 32. Bd4 Bxd4+ 33. Qxd4 Qa8 34. Qb6 Ra1 35. h3 Rxb1+ 36. Qxb1 Qa7+ 37. Kh1 Kg7 38. Qb2+ Kg8 39. Qf6 Qc7 40. Kh2 Bc8 41. Kg3 Bb7 42. h4 Qc5 43. h5 Qe3+ 44. Bf3 Qe1+ 45. Kh2 gxh5 46. Qg5+ Kf8 47. Qxh5 Qb4 48. Qh6+ Ke8 49. Qg5 Qd4 50. Qg8+ Ke7 51. Qg5+ Ke8 52. Qf5 Kf8 53. Kg3 Qg7+ 54. Kh2 Qg6 55. Qh3 Qf6 56. Qxh7 Qxf4+ 57. Kh1 Qc1+ 58. Kh2 Qg5 59. Qd3 Qh4+ 60. Kg1 Qe1+ 61. Kh2 1/2-1/2

[Event "Olympiad Women 2024"]
[Site "Budapest HUN"]
[Date "2024.09.14"]
[Round "4.37"]
[Board "1"]
[White "Samaganova, Aleksandra"]
[Black "Wafa, Shrook"]
[Result "0-1"]
[WhiteElo "1948"]
[BlackElo "2137"]
[PlyCount "82"]
[EventDate "2024.09.11"]
[WhiteTeam "Kyrgyzstan"]
[BlackTeam "Egypt"]
[WhiteTeamCountry "KGZ"]
[BlackTeamCountry "EGY"]

1. c4 e5 2. Nc3 Nf6 3. g3 Bb4 4. Bg2 O-O 5. e4 Bxc3 6. dxc3 d6 7. Ne2 Be6 ({RR} 7... a6 8. a4 Be6 9. b3 Nbd7 10. O-O Nc5 11. Bg5 h6 12. Bxf6 Qxf6 13. Nc1 Qg6 14. Re1 f5 15. exf5 Qxf5 16. Ra2 Kh8 17. a5 Rae8 18. Rd2 Bc8 19. h4 Qg6 20. b4 Nd7 21. c5 e4 22. h5 {0-1 Mamedov,R (2660)-Harikrishna,P (2725) EU-Cup 30th Bilbao 2014 (5.3)}) 8. b3 a5 9. h3 a4 $146 ({RR} 9... Nbd7 10. Be3 Nc5 11. Qc2 Qd7 12. g4 b5 13. cxb5 Qxb5 14. c4 Qb7 15. Rb1 Rfb8 16. O-O Nfd7 17. Ng3 f6 18. Nf5 Kh8 19. g5 Rf8 20. h4 Rab8 21. f4 Bxf5 22. exf5 e4 23. Bd4 Rbe8 24. Rbe1 {0-1 Baskakov,E (2215)-Goltsev,D (2170) Titled Tue 2nd Jul Late 2024 (3)}) 10. Rb1 Nbd7 11. O-O axb3 12. axb3 Ra2 13. Be3 Nc5 14. Nc1 Ra3 15. Qc2 b6 16. f4 exf4 17. gxf4 Bd7 18. e5 Nh5 19. b4 Ne6 20. f5 Ng5 21. h4 Nh3+ 22. Bxh3 Qxh4 23. Bg2 Qxc4 24. Bd2 dxe5 25. Be1 Qg4 26. Qe4 Nf4 27. Qf3 Qxf5 28. Rb2 Qg6 29. Bg3 Nxg2 30. Qxg2 Bc6 31. Qh2 Rxc3 32. Ne2 Re3 33. Kf2 Rf3+ 34. Ke1 e4 35. Be5 Rxf1+ 36. Kxf1 Rd8 37. Nd4 e3 38. Qc2 Be4 39. Qxc7 Bd3+ 40. Ne2 Qf5+ 41. Kg1 Qf2+ 0-1

[Event "Olympiad Women 2024"]
[Site "Budapest HUN"]
[Date "2024.09.14"]
[Round "4.37"]
[Board "2"]
[White "Wafa, Shahenda"]
[Black "Zhanybekova, Begimay"]
[Result "1-0"]
[WhiteElo "2102"]
[BlackElo "1784"]
[PlyCount "85"]
[EventDate "2024.09.11"]
[WhiteTeam "Egypt"]
[BlackTeam "Kyrgyzstan"]
[WhiteTeamCountry "EGY"]
[BlackTeamCountry "KGZ"]

1. e4 c5 2. Nf3 Nc6 3. d4 cxd4 4. Nxd4 Qb6 5. Nb5 a6 6. Be3 Qa5+ 7. N5c3 Nf6 8. Nd2 b5 9. a4 b4 10. Nc4 Qc7 11. Nd5 Qb7 ({RR} 11... Nxd5 12. exd5 Ne5 13. Nb6 Rb8 14. a5 e6 15. Nxc8 Qxc8 16. dxe6 dxe6 17. Bf4 Qc5 18. Bxa6 Bd6 19. O-O Ke7 20. Re1 Ra8 21. Qe2 Rhd8 22. Bxe5 Bxe5 23. Qxe5 Qxe5 24. Rxe5 Rxa6 25. Rb5 Rd2 26. g3 {1-0 Jin,H (1903)-Liu,H (1772) ch-CHN Personal GpB m 2024 (7.20)}) 12. Ndb6 $146 ({RR} 12. Ncb6 Nxd5 13. exd5 Ne5 14. Nxa8 Qxa8 15. Qd4 Qb8 16. Qb6 Qxb6 17. Bxb6 e6 18. Bd4 Ng6 19. dxe6 fxe6 20. Bd3 Nf4 21. O-O Bb7 22. f3 Be7 23. Be5 Bc5+ 24. Kh1 O-O 25. Bxf4 Rxf4 26. Rae1 Rd4 {1-0 German,P-Del Castillo,G (2315) Buenos Aires Traffic op 1992 (6)}) ({RR} 12. Bb6 Nxd5 13. exd5 Ne5 14. a5 d6 15. Ra4 g6 16. Rxb4 Bg7 17. c3 Bg4 18. f3 Bf5 19. Bd4 Qxd5 20. Nb6 Qe6 21. Kf2 O-O 22. Nxa8 Rxa8 23. g4 Bxg4 24. Bxe5 dxe5 25. fxg4 {1-0 Filipenko,A (2425)-Ivliev,O (2280) Cappelle op 11th 1995 (8)}) 12... Rb8 13. e5 d5 14. exd6 Be6 15. Be2 Rd8 16. Bf3 Rxd6 17. Nxd6+ exd6 18. Nd5 Nd7 19. O-O Nde5 20. Nf4 Bf5 21. Re1 Be7 22. Nd5 Bd8 23. Nxb4 Qxb4 24. Bxc6+ Kf8 25. Bd5 h5 26. Qd4 Qb8 27. Qa7 Qxa7 28. Bxa7 Bxc2 29. Bb8 Rh6 30. a5 Nd3 31. Re2 Nb4 32. Bc4 Bf5 33. Rd1 d5 34. Bxd5 Bxa5 35. Bc4 Rc6 36. b3 Bg6 37. Re5 Rxc4 38. bxc4 Nc6 39. Bd6+ Kg8 40. Rc5 Be4 41. f3 Bc2 42. Rc1 Ba4 43. Ra1 1-0

[Event "Olympiad Women 2024"]
[Site "Budapest HUN"]
[Date "2024.09.14"]
[Round "4.37"]
[Board "3"]
[White "Sezdbekova, Aizhan"]
[Black "Romany, Joy"]
[Result "1-0"]
[WhiteElo "1799"]
[BlackElo "2012"]
[PlyCount "111"]
[EventDate "2024.09.11"]
[WhiteTeam "Kyrgyzstan"]
[BlackTeam "Egypt"]
[WhiteTeamCountry "KGZ"]
[BlackTeamCountry "EGY"]

1. e4 c5 2. Nf3 e6 3. c3 Nf6 4. Bd3 d5 5. e5 Nfd7 6. Bc2 c4 7. d4 cxd3 8. Bxd3 Nc6 9. Bf4 Qc7 10. O-O ({RR} 10. Qe2 g5 11. Nxg5 Ndxe5 12. O-O Bd6 13. Bg3 Nxd3 14. Qxd3 Bxg3 15. fxg3 f6 16. Nf3 Qb6+ 17. Kh1 Ne7 18. c4 Bd7 19. Nc3 dxc4 20. Qxc4 O-O 21. Rad1 Rad8 22. g4 Bc8 23. Rxd8 Qxd8 24. g5 fxg5 {½-½ Sakaev,K (2558)-Lavrik,D (2419) 77th ch-RUS HL 2024 (8.6)}) 10... g6 $146 ({RR} 10... f6 11. c4 d4 12. Re1 Ndxe5 13. Nxe5 fxe5 14. Bg3 Bb4 15. Nd2 O-O 16. a3 Bxd2 17. Qxd2 a5 18. b3 Bd7 19. Rab1 Rae8 20. b4 axb4 21. axb4 Rf5 22. Qe2 b6 23. b5 Na5 24. Bxe5 Qc5 25. Rbd1 {1-0 Bauer,C (2613)-Martin Duque,J (2411) Rochefort op 20th 2022 (7)}) ({RR} 10... f6 11. c4 fxe5 12. cxd5 exd5 13. Re1 Be7 14. Bg3 O-O 15. Nc3 Nf6 16. Nxe5 Nxe5 17. Rxe5 Bc5 18. Bxh7+ Kh8 19. Rh5 Bxf2+ 20. Kh1 Bg4 21. Qxg4 Nxg4 22. Bg6+ Kg8 23. Bxc7 {1-0 Ivanov,M (2260)-Hua,E (2049) Canadian op Windsor 2016 (7)}) 11. Re1 Bg7 12. Qe2 O-O 13. b4 a5 14. b5 Ne7 15. c4 dxc4 16. Bxc4 Nb6 17. Nbd2 Ned5 18. Bg3 Bd7 19. Bxd5 Nxd5 20. a4 Rac8 21. Ne4 Qc2 22. Nd6 Qxe2 23. Rxe2 Rc7 24. Nd2 Rc2 25. f4 f6 26. N6c4 fxe5 27. fxe5 Bh6 28. Be1 Rc8 29. Nd6 Rf8 30. N6c4 Rc8 31. Nd6 R8c7 32. Kf1 Bf4 33. Nf3 Ne3+ 34. Kf2 Nxg2 35. Bxa5 Be3+ 36. Kf1 Rxe2 37. Kxe2 b6 38. Bd2 Bxd2 39. Kxd2 Nf4 40. a5 Nd5 41. a6 Ra7 42. Nd4 Nc7 43. Rf1 Nxb5 44. N6xb5 Rxa6 45. Nc7 Ra2+ 46. Ke3 Rxh2 47. Ncxe6 Rh3+ 48. Ke4 Rh4+ 49. Kd5 Bxe6+ 50. Nxe6 h5 51. Nd4 g5 52. e6 Rf4 53. Rxf4 gxf4 54. e7 Kf7 55. Kd6 f3 56. Kd7 1-0

[Event "Olympiad Women 2024"]
[Site "Budapest HUN"]
[Date "2024.09.14"]
[Round "4.37"]
[Board "4"]
[White "Allam, Yara"]
[Black "Abaeva, Aiana"]
[Result "1-0"]
[WhiteElo "1920"]
[BlackElo "1858"]
[PlyCount "129"]
[EventDate "2024.09.11"]
[WhiteTeam "Egypt"]
[BlackTeam "Kyrgyzstan"]
[WhiteTeamCountry "EGY"]
[BlackTeamCountry "KGZ"]

1. e4 c5 2. Nf3 d6 3. d4 cxd4 4. Nxd4 Nf6 5. Nc3 a6 6. Be3 e6 7. f3 Be7 8. Qd2 b5 9. a3 Bb7 10. g4 h6 ({RR} 10... Nfd7 11. g5 Nb6 12. h4 N8d7 13. Rg1 Rc8 14. h5 Ne5 15. b3 Qc7 16. Nce2 g6 17. Qa5 Ned7 18. Rh1 O-O 19. hxg6 hxg6 20. Bh3 e5 21. Kf2 d5 22. Rh2 exd4 23. Bf4 Bd6 24. Bxd6 Qxd6 25. Rah1 {0-1 Raja,H (2420)-Moroni,L (2530) Zuerich op-A 41st 2017 (7)}) ({RR} 10... Nfd7 11. O-O-O Nc6 12. h4 Nce5 13. g5 Nb6 14. f4 Nec4 15. Bxc4 Nxc4 16. Qe1 Qc7 17. Rh3 Rc8 18. Bg1 O-O 19. f5 Qd7 20. Qe2 d5 21. fxe6 fxe6 22. Qg4 Ne5 23. Qxe6+ Qxe6 24. Nxe6 Rf3 25. Rxf3 {1-0 Farkas,T (2210)-Arvai,E (1865) TCh-HUN 2023-24 (7.9)}) 11. Be2 $146 ({RR} 11. h4 Nfd7 12. Qf2 Nc6 13. Bd3 Nce5 14. Kf1 Rc8 15. Kg2 Nc4 16. Bxc4 Rxc4 17. Qg3 Rc8 18. g5 hxg5 19. hxg5 Rxh1 20. Rxh1 Ne5 21. f4 Nc4 22. Rh8+ Bf8 23. Bc1 Qb6 24. Qd3 Kd7 25. b3 Na5 {0-1 Harkowski,K (2089)-Salamon,J (1857) Grunwald Cup 20th blind 2005 (3)}) ({RR} 11. Bd3 Nc6 12. Nxc6 Bxc6 13. O-O-O Qc7 14. h4 O-O-O 15. Qe2 d5 16. exd5 Nxd5 17. Nxd5 Rxd5 18. Qf2 Kb8 19. Rhg1 f6 20. Kb1 Rc8 21. Rd2 Qb7 22. Rgd1 Rcd8 23. Be2 b4 24. Rxd5 Rxd5 25. axb4 Bxb4 {½-½ Brunat,J-Jenicek,M (1615) Klatovy op-B 2001}) 11... Nbd7 12. O-O-O Ne5 13. h4 Rc8 14. g5 Nfd7 15. f4 Nc4 16. Bxc4 bxc4 17. g6 Nc5 18. gxf7+ Kxf7 19. Qg2 Bf6 20. Rhg1 Qe8 21. Nde2 Ke7 22. Bd4 Rg8 23. Qf3 Qf7 24. Qe3 Nd7 25. Bxf6+ gxf6 26. Qd4 Rc6 27. Rxg8 Qxg8 28. Rg1 Qh8 29. Rg3 Qh7 30. Qg1 Kf7 31. Nd4 Rc8 32. Nxe6 Rg8 33. Rxg8 Qxg8 34. Qxg8+ Kxg8 35. Kd2 Nb6 36. Ke3 Bc8 37. Nc7 Kf7 38. N7d5 Nxd5+ 39. Nxd5 f5 40. Nb6 Be6 41. exf5 Bxf5 42. Nxc4 Bxc2 43. Nxd6+ Ke6 44. Ne4 Kf5 45. Nc5 Kg4 46. Nxa6 Kxh4 47. Nb4 Bb3 48. Nd3 Kg4 49. Ne5+ Kf5 50. Nf3 Kg4 51. Nd4 Bd5 52. f5 h5 53. Kf2 h4 54. Kg1 Kf4 55. b4 Ke4 56. Nc2 Bg8 57. b5 Kd5 58. Kg2 Kc5 59. a4 Bb3 60. f6 Kd6 61. Nb4 Kc5 62. Kh3 Kd6 63. Kxh4 Bxa4 64. f7 Ke7 65. b6 1-0

[Event "Olympiad Women 2024"]
[Site "Budapest HUN"]
[Date "2024.09.14"]
[Round "4.38"]
[Board "1"]
[White "Steil-Antoni, Fiona"]
[Black "Chuemsakul, Sarocha"]
[Result "1/2-1/2"]
[WhiteElo "2085"]
[BlackElo "1906"]
[PlyCount "62"]
[EventDate "2024.09.11"]
[WhiteTeam "Luxembourg"]
[BlackTeam "Thailand"]
[WhiteTeamCountry "LUX"]
[BlackTeamCountry "THA"]

1. e4 e5 2. Nf3 Nc6 3. d4 exd4 4. Nxd4 Bc5 5. Nb3 Bb6 6. Qe2 d6 7. Nc3 Nge7 8. Be3 Be6 9. O-O-O O-O 10. f4 Re8 ({RR} 10... Kh8 11. Kb1 Qe8 12. Bxb6 axb6 13. g4 f6 14. h4 Qf7 15. f5 Bxb3 16. cxb3 Ne5 17. g5 Rad8 18. Bg2 Rd7 19. Rhf1 Rfd8 20. Qe3 Re8 21. Qg3 Red8 22. Qe3 Re8 23. Qg3 Red8 24. Rd2 c6 25. Qf4 {½-½ Radjabov,T (2748)-Tomashevsky,E (2701) EU-Cup 26th Plovdiv 2010 (5.2)}) ({RR} 10... f5 11. Kb1 Qd7 12. h3 Rae8 13. Bxb6 axb6 14. g4 fxe4 15. Qxe4 d5 16. Qg2 Rxf4 17. Bd3 Ref8 18. Rhe1 Ng6 19. Bxg6 hxg6 20. Nxd5 Bxd5 21. Rxd5 Qf7 22. Rdd1 Rf2 23. Qg3 Nb4 24. Rc1 Ra8 25. a3 {1-0 Baziuk,V (2215)-Marcziter,D (2204) Titled Tue 30th Jul Late 2024 (7)}) 11. h3 f5 12. e5 $146 ({RR} 12. g4 fxe4 13. Bg2 Bf7 14. Kb1 Ng6 15. h4 Qe7 16. h5 Nf8 17. h6 g6 18. Bxb6 axb6 19. Bxe4 Nd7 20. Qd2 Nf6 21. Rhe1 Nxe4 22. Nxe4 d5 23. Qc3 d4 24. Nxd4 Bxa2+ 25. Kc1 Qf7 26. Nxc6 {1-0 Revo,T (2026)-Kusenkova,N (1980) BLR-ch U20 Girls 2014 (6)}) 12... Bxb3 13. axb3 d5 14. g4 d4 15. Bg1 Qc8 16. Nb5 Rd8 17. Qc4+ Kh8 18. e6 Na5 19. Qe2 c5 20. gxf5 Nxf5 21. Qe5 Ng3 22. Rh2 Nc6 23. Qg5 Nxf1 24. Rg2 Rg8 25. f5 Qd8 26. Rxf1 Qxg5+ 27. Rxg5 Bd8 28. Rg2 Be7 29. Bh2 Rad8 30. Na3 a6 31. Nc4 Rd5 1/2-1/2

[Event "Olympiad Women 2024"]
[Site "Budapest HUN"]
[Date "2024.09.14"]
[Round "4.38"]
[Board "2"]
[White "Prommuang, Araya"]
[Black "Bakalarz, Grazyna"]
[Result "0-1"]
[WhiteElo "1753"]
[BlackElo "1928"]
[PlyCount "84"]
[EventDate "2024.09.11"]
[WhiteTeam "Thailand"]
[BlackTeam "Luxembourg"]
[WhiteTeamCountry "THA"]
[BlackTeamCountry "LUX"]

1. e4 {ChessBase II} c5 2. Nf3 Nc6 3. d4 cxd4 4. Nxd4 Nf6 5. Nc3 e5 6. Ndb5 d6 7. Bg5 a6 8. Na3 Be6 ({RR} 8... b5) 9. Nc4 Rc8 10. Bxf6 gxf6 11. Bd3 Ne7 12. Ne3 Bh6 13. Ned5 Bxd5 14. Nxd5 Nxd5 15. exd5 Qa5+ 16. c3 Qxd5 17. Qe2 $146 ({RR} 17. O-O Ke7 18. Qe2 Rc7 19. Rfd1 Qe6 20. Qh5 Bf8 21. Be4 f5 22. Bxf5 Qh6 23. Qf3 Qf6 24. Qe4 h5 25. Rd3 Bh6 26. Rad1 Rd8 27. Rf3 Qg5 28. h4 Qg7 29. Bh3 Rc6 30. Rf5 Qg6 31. Rd3 Bg7 {1-0 Zecevic,D (2290)-Djurdjevic,P (2305) Pula tt2 1990 (7)}) ({RR} 17. O-O Rg8 18. g3 Ke7 19. Qc2 Qc5 20. Qb3 Rc7 21. Be4 Rd8 22. Bd5 Kf8 23. Rad1 Re7 24. Qc2 Kg7 25. Rfe1 Qc8 26. Be4 Qe6 27. c4 Rc7 28. b3 b5 29. Bf5 Qe8 30. Qe2 bxc4 31. Qg4+ Kf8 {1-0 King,D (2515)-Rovid,K (2285) Cappelle op 06th 1990 (6)}) 17... Qxg2 18. Be4 Qh3 19. Bxb7 Rb8 20. Bc6+ Kf8 21. Be4 f5 22. Qxa6 Rd8 23. Bd5 Rg8 24. Qb7 Rg7 25. Qc7 Qh4 26. Kd1 Qg5 27. Kc2 Qd2+ 28. Kb3 Qxd5+ 29. Kc2 Qd2+ 30. Kb3 Qd5+ 31. Kc2 Qe4+ 32. Kb3 Qa8 33. Rhg1 Rb8+ 34. Qxb8+ Qxb8+ 35. Kc2 Rxg1 36. Rxg1 Qb7 37. a4 Qa7 38. Kb3 Qb6+ 39. Ka3 Qc5+ 40. Kb3 Qxf2 41. Rd1 Qb6+ 42. Ka3 Qc5+ 0-1

[Event "Olympiad Women 2024"]
[Site "Budapest HUN"]
[Date "2024.09.14"]
[Round "4.38"]
[Board "3"]
[White "Kremer, Nadine"]
[Black "Mekarapiruk, Nathasha"]
[Result "0-1"]
[WhiteElo "1898"]
[BlackElo "1728"]
[PlyCount "102"]
[EventDate "2024.09.11"]
[WhiteTeam "Luxembourg"]
[BlackTeam "Thailand"]
[WhiteTeamCountry "LUX"]
[BlackTeamCountry "THA"]

1. e4 e5 2. Bc4 Nc6 3. d3 Bc5 4. Nc3 Nf6 5. f4 d6 6. Nf3 Qe7 7. Na4 Bb6 8. Nxb6 axb6 9. O-O Na5 $146 ({RR} 9... Be6 10. Bb5 Rxa2 11. Rxa2 Bxa2 12. b3 O-O 13. Bxc6 bxc6 14. Ba3 Ra8 15. Qc1 Bb1 16. fxe5 Nd7 17. exd6 cxd6 18. Nd4 c5 19. Nf5 Qf8 20. Bb2 Ba2 21. Bxg7 Qd8 22. Bb2 f6 23. Nxd6 Ne5 24. Nc4 {1-0 Ivekovic,B (2180)-Matanovic,L (1856) CRO-ch U15 Rabac 2011 (4)}) ({RR} 9... exf4 10. Bxf4 Be6 11. Bb5 O-O 12. Bg5 Bg4 13. Bxc6 bxc6 14. h3 Bh5 15. Qe1 h6 16. Bh4 Rfe8 17. Nd4 Qe5 18. Bxf6 gxf6 19. c3 Bg6 20. Nxc6 Qc5+ 21. Nd4 d5 22. b4 Qf8 23. Nf5 dxe4 24. dxe4 {1-0 Sokac,M (2294)-Hladnic,E (2008) Adriatic U20 op 2015 (6)}) 10. fxe5 dxe5 11. Bg5 Nxc4 12. dxc4 Qc5+ 13. Kh1 Bd7 14. Bxf6 gxf6 15. Nh4 Qxc4 16. Rxf6 O-O-O 17. Qd5 Qxd5 18. exd5 Bb5 19. Rxf7 Rxd5 20. Kg1 Rd2 21. Rf2 Rhd8 22. g4 Rxf2 23. Kxf2 Rd2+ 24. Kf3 Rxh2 25. Nf5 Rxc2 26. b3 Rc3+ 27. Kf2 e4 28. Rd1 Rf3+ 29. Kg2 Bd7 30. Ne7+ Kd8 31. Nf5 Rd3 32. Re1 Bxf5 33. gxf5 Rd5 34. Rxe4 Rxf5 35. Rd4+ Kc8 36. Kg3 h5 37. a4 c6 38. Rd6 Rd5 39. Rh6 Rd3+ 40. Kf4 Rxb3 41. Ke5 Rh3 42. Kd6 Kb8 43. Rh8+ Ka7 44. Kc7 Rg3 45. Rxh5 Rg7+ 46. Kd6 Rg4 47. a5 bxa5 48. Rxa5+ Kb6 49. Ra8 Rd4+ 50. Ke5 Rd1 51. Ke4 Kb5 0-1

[Event "Olympiad Women 2024"]
[Site "Budapest HUN"]
[Date "2024.09.14"]
[Round "4.38"]
[Board "4"]
[White "Khantree, Napat"]
[Black "Lyon, Hannah Jane"]
[Result "0-1"]
[WhiteElo "1711"]
[BlackElo "1797"]
[PlyCount "68"]
[EventDate "2024.09.11"]
[WhiteTeam "Thailand"]
[BlackTeam "Luxembourg"]
[WhiteTeamCountry "THA"]
[BlackTeamCountry "LUX"]

1. d4 Nf6 2. c4 g6 3. Nc3 d5 4. cxd5 Nxd5 5. e4 Nxc3 6. bxc3 Bg7 7. Bc4 c5 8. Ne2 Nc6 9. Be3 O-O 10. O-O Qc7 11. Rc1 Rd8 12. a3 ({RR} 12. h4 Na5 13. Bd3 e5 14. Bg5 Re8 15. dxe5 c4 16. Bc2 Qxe5 17. Rb1 a6 18. Nd4 Qc5 19. a4 Qa3 20. Qf3 Qc5 21. Bf6 Bg4 22. Qf4 Bxf6 23. Qxf6 Qe5 24. Qg5 Qxg5 25. hxg5 Rac8 26. Rb6 Kg7 {½-½ Adhiban,B (2661)-Petrosian,T (2609) Sharjah Masters 2nd 2018 (5)}) ({RR} 12. h4 e5 13. d5 Na5 14. Bd3 c4 15. Bc2 Qe7 16. Qd2 f5 17. Bg5 Bf6 18. f4 fxe4 19. Bxe4 exf4 20. Qxf4 Bxg5 21. hxg5 Qc5+ 22. Nd4 Bf5 23. Kh1 Qd6 24. Nxf5 gxf5 25. Qxf5 Rd7 26. Qg4 Re7 {1-0 Navalgund,N (2231)-Rajesh,V (2393) Mumbai Wealth op 5th 2019 (3)}) 12... e6 13. Qd2 $146 ({RR} 13. Bg5 Rd7 14. Bf4 Qd8 15. d5 exd5 16. Bxd5 Ne7 17. c4 Qa5 18. Qb3 Nxd5 19. cxd5 b6 20. Rfd1 Ba6 21. Bd2 Qb5 22. Qh3 Re7 23. Nc3 Qd7 24. Qxd7 Rxd7 25. Bf4 Re8 26. f3 Bd4+ 27. Kh1 f6 {½-½ Froehlich Dill,A (1997)-Overbeck,C (1801) Rhein Main op 11th 2008 (7)}) ({RR} 13. Bg5 Re8 14. d5 exd5 15. Bxd5 Be6 16. f4 Qd7 17. Bxe6 Qxe6 18. Ng3 Qc4 19. Qc2 h6 20. Bh4 a5 21. e5 g5 22. Ne4 gxh4 23. Nd6 Qe6 24. Nxe8 Rxe8 25. Rce1 Qc4 26. Re4 Nd4 27. Qd2 Nb3 {0-1 Lorusso,G (1801)-Massironi,M (2082) ITA-ch U20 26th 2003 (9)}) 13... Qa5 14. Qb2 b6 15. Bb5 Bb7 16. Bd2 Nb4 17. a4 Nc6 18. Nf4 a6 19. d5 axb5 20. axb5 Na7 21. dxe6 Qxb5 22. exf7+ Kxf7 23. Qa2+ c4 24. Rb1 Qc6 25. Nd5 Nb5 26. Qb2 Ra5 27. Bg5 Re8 28. Qe2 Kg8 29. Rfd1 Nxc3 30. Nxc3 Bxc3 31. Qe3 Qxe4 32. Qg3 Be5 33. Qh3 Bxh2+ 34. Qxh2 Rxg5 0-1